A natureza dos juízos matemáticos /
Guardado en:
| Autor Principal: | |
|---|---|
| Formato: | Libro |
| Idioma: | Portuguese |
| Publicado: |
Curitiba :
Edição Prata de Casa,
1954.
|
| Etiquetas: |
Agregar Etiqueta
Sin Etiquetas, Sea el primero en etiquetar este registro!
|
| LEADER | 00569nam a22001455a 4500 | ||
|---|---|---|---|
| 001 | MAT.inmabb000478 | ||
| 008 | 031125s1954####bl############000#0#por#d | ||
| 005 | 20110304140344.0 | ||
| 245 | 1 | 2 | |a A natureza dos juízos matemáticos / |c Newton Carneiro Affonso da Costa. |
| 260 | |a Curitiba : |b Edição Prata de Casa, |c 1954. | ||
| 300 | |a 11 p. ; |c cm. | ||
| 500 | |a Comunicação apresentada ao Congreso Internacional de Filosofia, realizado em São Paulo, em agosto de 1954. | ||
| 100 | 1 | |a Costa, Newton Carneiro Affonso da. | |
| 084 | |a 03 |2 msc2000 | ||
| 859 | |h 03 |i C837n |p A-254 |b BIB. MATEMATICA | ||
